[Event "Offene Hessische Senioren Einzelmeisters"]
[Site "Bad Sooden- Allendorf"]
[Date "2013.04.27"]
[Round "8.39"]
[White "Vladov, Mark"]
[Black "Busic, Nedjeljko"]
[Result "0-1"]
[WhiteElo "1615"]
[BlackElo "1877"]
[Annotator ",Microsoft"]
[PlyCount "64"]
[EventDate "2013.??.??"]
[WhiteTeam "SF Ostsee Warnemünde"]
[BlackTeam "SC Bad Nauheim"]

1. e4 d6 2. d4 g6 3. g3 Bg7 4. Bg2 Nf6 5. Ne2 O-O 6. O-O Bg4 7. Nbc3 Nc6 8. h3
Bd7 9. Kh2 e5 10. Be3 h6 11. Qd2 Kh7 12. Rad1 a6 13. d5 Ne7 14. f4 exf4 15.
Nxf4 g5 16. Nfe2 Ng6 17. Bd4 Qe7 18. Ng1 Rae8 19. Rf2 Ne5 20. b3 b5 21. Rdf1 b4
22. Nd1 Bb5 23. Re1 a5 24. Ne3 Bd7 25. c4 Ng6 26. Qb2 Ne5 27. Qc2 Nh5 28. Qd1
g4 29. Nf5 Qg5 30. Ne3 Qd8 31. hxg4 Nf6 32. Rf4 h5 {Rest nicht rekonstruierbar}
0-1

[Event "Offene Hessische Senioren Einzelmeisters"]
[Site "Bad Sooden- Allendorf"]
[Date "2013.04.27"]
[Round "8.40"]
[White "Bomert, Egon"]
[Black "Meinke, Dietlind"]
[Result "1-0"]
[WhiteElo "1862"]
[BlackElo "1711"]
[PlyCount "47"]
[EventDate "2013.??.??"]
[WhiteTeam "SK Bad Sooden-Allendorf"]
[BlackTeam "MTV Leck von 1889"]

1. e4 d5 2. exd5 Qxd5 3. Nc3 Qd6 4. Bc4 a6 5. d3 Nf6 6. h3 Nc6 7. Nf3 e6 8. O-O
b5 9. Bb3 Be7 10. a4 b4 11. Ne2 Nd5 12. Ng3 O-O 13. Ne4 Qd7 14. d4 h6 15. Qe2
Nf6 16. Rd1 Rd8 17. Rd3 Nd5 18. Ne5 Nxe5 19. dxe5 Kh7 20. Qh5 Rf8 21. Bxd5 exd5
22. Nf6+ Bxf6 23. exf6 Rg8 24. Rg3 1-0

[Event "Offene Hessische Senioren Einzelmeisters"]
[Site "Bad Sooden- Allendorf"]
[Date "2013.04.27"]
[Round "8.41"]
[White "Strozewski, Günter"]
[Black "Grabitz, Dr. Georg"]
[Result "0-1"]
[WhiteElo "1604"]
[BlackElo "1852"]
[PlyCount "42"]
[EventDate "2013.??.??"]
[WhiteTeam "SV Erkenschwick 1923 e"]
[BlackTeam "Plesse Bovenden"]

1. e4 g6 2. Nf3 Bg7 3. c3 d6 4. d4 Nf6 5. Nbd2 O-O 6. h3 Nc6 7. Bd3 e5 8. Nb3
a5 9. a4 exd4 10. Nbxd4 Re8 11. Qc2 d5 12. Nxc6 bxc6 13. Bg5 dxe4 14. Bxe4 Qd5
15. Rd1 Qxe4+ 16. Qxe4 Rxe4+ 17. Be3 Ba6 18. Nd2 Ree8 19. h4 Nd5 20. Rh3 Nf4
21. Rg3 Nd3+ 0-1

[Event "Offene Hessische Senioren Einzelmeisters"]
[Site "Bad Sooden- Allendorf"]
[Date "2013.04.27"]
[Round "8.42"]
[White "Barlo, Werner"]
[Black "Leutz, Hans"]
[Result "1-0"]
[WhiteElo "1579"]
[BlackElo "1832"]
[Annotator ",Microsoft"]
[PlyCount "91"]
[EventDate "2013.??.??"]
[WhiteTeam "SK Zehlendorf e.V."]
[BlackTeam "SV Ebersbach"]

1. d4 d5 2. c4 e6 3. Nf3 Nf6 4. Nc3 c6 5. e3 Nbd7 6. Qc2 Bd6 7. Bd3 dxc4 8.
Bxc4 b5 9. Bd3 a6 10. O-O Bb7 11. Ne4 Nxe4 12. Bxe4 Qc7 13. b3 Nf6 14. Bd3 Nd5
15. a3 h6 16. Bb2 g5 17. g3 g4 18. Nd2 O-O-O 19. e4 Nb6 20. Rac1 Kb8 21. Rfe1
h5 22. e5 Be7 23. Ne4 h4 24. Qe2 $11 hxg3 25. fxg3 Rdg8 26. Rf1 Rg7 27. Rc2 Nd5
28. b4 Qd8 29. Rf2 a5 30. bxa5 Qxa5 31. Nc5 Bc8 32. Rf1 Bg5 33. Bc1 Bxc1 34.
Rfxc1 Rd8 35. Ne4 Ne7 36. Nd6 Bd7 37. Rb2 Qxa3 38. Nc4 Qa7 39. Nd6 Qxd4+ 40.
Kg2 Qd5+ 41. Kg1 Qd4+ 42. Kg2 b4 43. Rc4 Qd5+ 44. Be4 Qxe5 45. Rcxb4+ Kc7 46.
Nc4 1-0

[Event "Offene Hessische Senioren Einzelmeisters"]
[Site "Bad Sooden- Allendorf"]
[Date "2013.04.27"]
[Round "8.43"]
[White "Kienel, Norbert"]
[Black "Görtz, Hans"]
[Result "1/2-1/2"]
[WhiteElo "1611"]
[BlackElo "1813"]
[PlyCount "84"]
[EventDate "2013.??.??"]
[WhiteTeam "SV Osnabrück"]
[BlackTeam "DJK Wacker Bergeborbeck 1922"]

1. d4 d5 2. c4 e6 3. Nc3 Nf6 4. Nf3 c5 5. e3 Nc6 6. Be2 Be7 7. O-O O-O 8. cxd5
exd5 9. a3 h6 10. dxc5 Bxc5 11. b4 Be7 12. Bb2 Be6 13. Rc1 Qd7 14. Bb5 a6 15.
Ne5 Qd6 16. Nxc6 bxc6 17. Be2 a5 18. bxa5 Rxa5 19. Na4 Rfa8 20. Nc3 Qb8 21. Rb1
Qc7 22. Qc1 Qd7 23. a4 Nh7 24. Ba3 Bf6 25. Bd1 Ng5 26. Bb4 R5a7 27. a5 c5 28.
Bxc5 Rxa5 29. Bb6 Bxc3 30. Qxc3 Ra3 31. Qe5 Ne4 32. Rb2 Ra1 33. f3 Nd6 34. Bd4
f6 35. Qg3 Kf7 36. Rc2 Rb1 37. f4 Nf5 38. Bh5+ Kg8 39. Qf2 Rxf1+ 40. Qxf1 Nxd4
41. exd4 Qa4 42. Rd2 Qb4 1/2-1/2

[Event "Offene Hessische Senioren Einzelmeisters"]
[Site "Bad Sooden- Allendorf"]
[Date "2013.04.27"]
[Round "8.44"]
[White "Hellwege, Werner"]
[Black "Roth, Reinhard"]
[Result "1-0"]
[WhiteElo "1811"]
[BlackElo "1604"]
[Annotator ",Microsoft"]
[PlyCount "72"]
[EventDate "2013.??.??"]
[WhiteTeam "SK Lister Turm"]
[BlackTeam "Sfr. Taunus Königstein/Schwalbac"]

1. d4 d5 2. c4 e6 3. Nf3 Nf6 4. g3 Bb4+ 5. Nc3 O-O 6. Bg2 Ne4 7. Qc2 Nd7 8. O-O
h6 9. Nxe4 dxe4 10. Qxe4 Nf6 11. Qd3 c5 12. a3 Ba5 13. dxc5 Bc7 14. b4 Qe7 15.
Bb2 e5 16. Qc2 Re8 17. e3 Bd7 18. Rad1 Bg4 19. h3 Bh5 20. Rd2 Bg6 21. Qa4 a5
22. Qb3 Bf5 23. Nh4 Be6 24. Qc2 Rad8 25. Rfd1 axb4 26. axb4 b5 27. cxb5 Rxd2
28. Rxd2 e4 29. Bxf6 Qxf6 30. Qxe4 Bd7 31. Qc4 Be6 32. Qd4 Qe7 33. b6 Rd8 34.
Qb2 g5 35. Nf3 g4 36. hxg4 Bxg4 {Rest nicht rekonstruierbar} 1-0

[Event "Offene Hessische Senioren Einzelmeisters"]
[Site "Bad Sooden- Allendorf"]
[Date "2013.04.27"]
[Round "8.45"]
[White "Ripoll, Luis"]
[Black "Van Vorselen, Theo"]
[Result "1-0"]
[WhiteElo "1803"]
[BlackElo "1595"]
[Annotator ",Microsoft"]
[PlyCount "30"]
[EventDate "2013.??.??"]
[WhiteTeam "SK Lister Turm"]
[BlackTeam "DD Den Haag"]

1. e4 c5 2. Nf3 Nc6 3. d4 cxd4 4. Nxd4 Nf6 5. Nxc6 bxc6 6. Bd3 e5 7. c4 Be7 8.
Nc3 O-O 9. O-O d6 10. h3 Qc7 11. Kh1 Bb7 12. f4 Nd7 13. f5 d5 14. exd5 cxd5 15.
cxd5 Nf6 {Rest nicht rekonstruierbar} 1-0

[Event "Offene Hessische Senioren Einzelmeisters"]
[Site "Bad Sooden- Allendorf"]
[Date "2013.04.27"]
[Round "8.46"]
[White "Kripp, Wolfgang"]
[Black "Mewes, Hans-Dieter"]
[Result "1-0"]
[WhiteElo "1982"]
[BlackElo "1670"]
[PlyCount "49"]
[EventDate "2013.??.??"]
[WhiteTeam "SAbt SG 1945 Dietzenbach"]
[BlackTeam "Stader SV"]

1. e4 c5 2. d4 cxd4 3. c3 Nf6 4. e5 Nd5 5. Nf3 d6 6. cxd4 Nc6 7. Bc4 e6 8. O-O
Nb6 9. Bb5 a6 10. Bxc6+ bxc6 11. exd6 Bxd6 12. Nc3 Nd5 13. Ne4 O-O 14. Qa4 Bb7
15. Bd2 Re8 16. Rac1 f6 17. Rfe1 Qd7 18. Ba5 Rac8 19. Rc2 Kh8 20. Nfd2 f5 21.
Nxd6 Qxd6 22. Nc4 Qb8 23. Qa3 c5 24. dxc5 Rc6 25. Ne5 1-0

[Event "Offene Hessische Senioren Einzelmeisters"]
[Site "Bad Sooden- Allendorf"]
[Date "2013.04.27"]
[Round "8.47"]
[White "Aepfler, Gerhard"]
[Black "Nagorni, Walter"]
[Result "1-0"]
[WhiteElo "1657"]
[BlackElo "1876"]
[PlyCount "81"]
[EventDate "2013.??.??"]
[WhiteTeam "TSG Apolda"]
[BlackTeam "SG Weiß-Blau Eilenriede"]

1. e4 c5 2. Nf3 Nc6 3. d4 cxd4 4. Nxd4 g6 5. Be3 Bg7 6. Nc3 Nf6 7. Be2 O-O 8.
Qd2 d5 9. exd5 Nb4 10. O-O-O Nbxd5 11. Nxd5 Qxd5 12. Kb1 e5 13. Nb5 Qxd2 14.
Rxd2 Ne4 15. Rdd1 b6 16. f3 Nc5 17. Bxc5 bxc5 18. Rd5 a6 19. Nc3 Rb8 20. Rxc5
Rd8 21. Rd1 Rd4 22. b3 Be6 23. Bxa6 Rbd8 24. Bd3 f5 25. Re1 Bc8 26. a4 Bb7 27.
Rcxe5 Rxd3 28. cxd3 Bxe5 29. Rxe5 Rxd3 30. Kc2 Rd7 31. b4 Kf7 32. b5 Kf6 33.
Re8 Kg5 34. a5 Rd6 35. Rb8 Rd7 36. a6 Bxa6 37. bxa6 Ra7 38. Rb6 Kf4 39. Nb5 Ra8
40. a7 Rc8+ 41. Kb3 1-0

[Event "Offene Hessische Senioren Einzelmeisters"]
[Site "Bad Sooden- Allendorf"]
[Date "2013.04.27"]
[Round "8.49"]
[White "Perk, Egbert"]
[Black "Papenkordt, Karl-Hermann"]
[Result "1-0"]
[WhiteElo "1834"]
[BlackElo "1648"]
[PlyCount "115"]
[EventDate "2013.??.??"]
[WhiteTeam "SK Lister Turm"]
[BlackTeam "SG Witten"]

1. e4 c5 2. Nf3 Nc6 3. d4 cxd4 4. Nxd4 Nf6 5. Nc3 e5 6. Nxc6 bxc6 7. Bg5 Rb8 8.
Bc4 Rxb2 9. O-O Qa5 10. Qd3 Bb4 11. Nd1 Ba3 12. Nxb2 Bxb2 13. Rab1 Bd4 14. Bxf6
gxf6 15. Qf3 Ke7 16. Qb3 Ba6 17. Bxa6 Qxa6 18. c3 Bb6 19. Qc2 Rg8 20. Kh1 Qc4
21. Rbd1 d5 22. exd5 cxd5 23. Qd3 Qxa2 24. Qxd5 Qxd5 25. Rxd5 Rc8 26. Rd3 Ba5
27. Rc1 f5 28. c4 Bb6 29. Kg1 Kf6 30. Kf1 Bd4 31. f4 Rb8 32. fxe5+ Bxe5 33. Rd7
a5 34. Ra7 Bxh2 35. Rxa5 Bf4 36. Rc2 Ke6 37. Ke2 Be5 38. Ra6+ Ke7 39. c5 Rc8
40. Kd3 Kd7 41. Kc4 Rc6 42. Rca2 f6 43. Kd5 Rxa6 44. Rxa6 h5 45. c6+ Kc8 46.
Ra8+ Bb8 47. Ke6 f4 48. Kxf6 h4 49. Kg5 h3 50. gxh3 f3 51. Ra3 f2 52. Rf3 Ba7
53. h4 Kc7 54. h5 Kxc6 55. h6 Be3+ 56. Kg6 Kd5 57. h7 Ke4 58. Rxf2 1-0

[Event "Offene Hessische Senioren Einzelmeisters"]
[Site "Bad Sooden- Allendorf"]
[Date "2013.04.27"]
[Round "8.50"]
[White "Schnaitmann, Herbert"]
[Black "Kolkwitz, Klaus"]
[Result "1/2-1/2"]
[WhiteElo "1818"]
[BlackElo "1658"]
[PlyCount "94"]
[EventDate "2013.??.??"]
[WhiteTeam "SC Grunbach"]
[BlackTeam "ESV 1949 Eberswalde e.V."]

1. d4 d6 2. Nf3 g6 3. e4 Nf6 4. Nc3 Bg7 5. Bc4 O-O 6. Bb3 c5 7. O-O Bg4 8. dxc5
dxc5 9. Qxd8 Rxd8 10. Ne5 Be6 11. Bxe6 fxe6 12. f4 Nfd7 13. Nf3 Nc6 14. e5 Nd4
15. Nxd4 cxd4 16. Nb5 Nc5 17. Rd1 d3 18. c3 g5 19. g3 gxf4 20. gxf4 Bh6 21. Be3
a6 22. Nd4 Kf7 23. Kf2 Rg8 24. Rg1 Rxg1 25. Rxg1 Rg8 26. Rxg8 Kxg8 27. Kf3 Kf7
28. Bd2 Nd7 29. Ke4 Nc5+ 30. Ke3 Na4 31. b3 Nb2 32. Ke4 a5 33. Nf3 Kg6 34. h3
Nd1 35. Ne1 Nf2+ 36. Kf3 Nxh3 37. Nxd3 Kf5 38. a4 Ng1+ 39. Kf2 Nh3+ 40. Kg3 Ng1
41. b4 axb4 42. cxb4 Ne2+ 43. Kf2 Nxf4 44. Bxf4 Bxf4 45. a5 Bd2 46. Nc5 Bxb4
47. Nxb7 Bxa5 1/2-1/2

[Event "Offene Hessische Senioren Einzelmeisters"]
[Site "Bad Sooden- Allendorf"]
[Date "2013.04.27"]
[Round "8.51"]
[White "Rollwitz, Jürgen"]
[Black "Brandt, Fred"]
[Result "1-0"]
[WhiteElo "1804"]
[BlackElo "1652"]
[PlyCount "37"]
[EventDate "2013.??.??"]
[WhiteTeam "SG Wedding e.V."]
[BlackTeam "SV Königsjäger Süd-West e.V."]

1. e4 e5 2. Bc4 Nf6 3. Nf3 Nxe4 4. Nc3 Nxc3 5. dxc3 f6 6. O-O c6 7. Nxe5 d5 8.
Qh5+ g6 9. Nxg6 hxg6 10. Qxh8 Be6 11. Re1 Qe7 12. Bd3 f5 13. Bd2 Nd7 14. Rxe6
Qxe6 15. Re1 Qxe1+ 16. Bxe1 O-O-O 17. Bd2 Bd6 18. Qg7 Ne5 19. Bf4 1-0

[Event "Offene Hessische Senioren Einzelmeisters"]
[Site "Bad Sooden- Allendorf"]
[Date "2013.04.27"]
[Round "8.52"]
[White "Schlag, Franz"]
[Black "Rüggeberg, Wilhelm"]
[Result "1-0"]
[WhiteElo "1801"]
[BlackElo "1641"]
[PlyCount "99"]
[EventDate "2013.??.??"]
[WhiteTeam "SK Turm Bad Hersfeld"]
[BlackTeam "Sfr.Saarburg-Trier"]

1. Nc3 e6 2. e4 d6 3. d4 c6 4. Nf3 Be7 5. Bd3 Nf6 6. O-O O-O 7. Bg5 Nbd7 8. Ne2
Ng4 9. Bd2 e5 10. c3 h6 11. h3 Ngf6 12. Ng3 Re8 13. Qc2 Bf8 14. Rae1 g6 15. Qc1
Kh7 16. Nh2 Ng8 17. f4 Ndf6 18. Kh1 Qe7 19. Nf3 Bg7 20. fxe5 dxe5 21. Nxe5 Be6
22. b3 Rad8 23. Rf3 Nd7 24. Nc4 Nf8 25. Ref1 Qd7 26. Kh2 Re7 27. e5 Bd5 28.
R3f2 Be6 29. Be4 Kh8 30. Be3 Qc7 31. Bf4 g5 32. Bd2 Ng6 33. Qc2 Bxc4 34. bxc4
Nxe5 35. Kg1 Nxc4 36. Nf5 Nxd2 37. Rxd2 Red7 38. Nxg7 Kxg7 39. Rdf2 Re7 40. Bd3
b5 41. Qb3 a6 42. a4 Rd6 43. axb5 axb5 44. Bb1 Nf6 45. Qc2 Ne4 46. Rf3 Rf6 47.
Rxf6 Nxf6 48. Rxf6 Kxf6 49. Qf5+ Kg7 50. Qh7+ 1-0

[Event "Offene Hessische Senioren Einzelmeisters"]
[Site "Bad Sooden- Allendorf"]
[Date "2013.04.27"]
[Round "8.53"]
[White "Papapostolou, Christos"]
[Black "Niebling, Ferdinand"]
[Result "0-1"]
[WhiteElo "1950"]
[BlackElo "2049"]
[Annotator ",Microsoft"]
[PlyCount "40"]
[EventDate "2013.??.??"]
[WhiteTeam "SK Bad Sooden-Allendorf"]
[BlackTeam "SC Frankfurt-West"]

1. d4 e6 2. Nf3 Nf6 3. c4 b6 4. Bg5 Bb7 5. e3 Be7 6. Nc3 d5 7. Rc1 O-O 8. cxd5
exd5 9. Bd3 Nbd7 10. O-O a6 11. Bh4 Ne4 12. Bxe7 Qxe7 13. Qb3 c6 14. Rfd1 Rfe8
15. Bxe4 dxe4 16. Nd2 Nf6 17. Nc4 Rad8 18. Ne5 Nd7 19. Ng6 Qf6 20. Nf4 c5 {
fehlende Notation} 0-1

[Event "Offene Hessische Senioren Einzelmeisters"]
[Site "Bad Sooden- Allendorf"]
[Date "2013.04.27"]
[Round "8.54"]
[White "Huhn, Ulrich"]
[Black "Van Houten, Henk"]
[Result "1-0"]
[WhiteElo "1757"]
[BlackElo "1609"]
[PlyCount "73"]
[EventDate "2013.??.??"]
[WhiteTeam "SF Siemensstadt"]
[BlackTeam "SC Gronau 1920 e.V."]

1. d4 d5 2. Nc3 c6 3. Bg5 Nd7 4. Nf3 Qc7 5. e4 e6 6. Bd3 dxe4 7. Nxe4 f5 8. Nc3
h6 9. Bd2 g6 10. Qe2 Kf7 11. O-O-O Bg7 12. Rde1 Nf8 13. h4 Bd7 14. g3 Re8 15.
Bf4 Qa5 16. Ne5+ Bxe5 17. Bxe5 Rh7 18. g4 Qd8 19. Reg1 Qc8 20. Rh3 Ne7 21. Rhg3
Nd5 22. Nxd5 cxd5 23. Qf3 Qc6 24. Qg2 b5 25. gxf5 exf5 26. Bxb5 Qxb5 27. Rxg6
Rxe5 28. Rg7+ Rxg7 29. Qxg7+ Ke8 30. Qxe5+ Be6 31. a3 a5 32. Kb1 Qa6 33. Qb8+
Kf7 34. Qc7+ Nd7 35. Qg3 Qe2 36. Qg7+ Ke8 37. Qxh6 1-0

[Event "Offene Hessische Senioren Einzelmeisters"]
[Site "Bad Sooden- Allendorf"]
[Date "2013.04.27"]
[Round "8.55"]
[White "Micheel, Peter"]
[Black "Kirchberg, Hans-Georg"]
[Result "1/2-1/2"]
[WhiteElo "1751"]
[BlackElo "1597"]
[PlyCount "31"]
[EventDate "2013.??.??"]
[WhiteTeam "SSC Graal-Müritz"]
[BlackTeam "SK Dingelstädt 1921"]

1. f4 d5 2. Nf3 Bg4 3. e3 Nf6 4. b3 e6 5. Bb2 Nbd7 6. Be2 Bxf3 7. Bxf3 Bd6 8.
O-O c6 9. Kh1 Qc7 10. d3 O-O-O 11. Nd2 Rhg8 12. g3 g5 13. Bg2 g4 14. c4 h5 15.
cxd5 exd5 16. Qe1 1/2-1/2

[Event "Offene Hessische Senioren Einzelmeisters"]
[Site "Bad Sooden- Allendorf"]
[Date "2013.04.27"]
[Round "8.57"]
[White "Burckhardt, Karl"]
[Black "Weyand, Fernand"]
[Result "1/2-1/2"]
[WhiteElo "1725"]
[BlackElo "1570"]
[PlyCount "60"]
[EventDate "2013.??.??"]
[WhiteTeam "SC Fulda"]
[BlackTeam "SV Saarbrücken 1970 e.V."]

1. e4 c6 2. d4 d5 3. e5 Bf5 4. Nf3 e6 5. Be2 c5 6. O-O Nc6 7. Nbd2 cxd4 8. Nb3
Qb6 9. Nfxd4 Nge7 10. Be3 Qd8 11. f4 Nxd4 12. Nxd4 a6 13. c3 Rc8 14. Qa4+ Qd7
15. Qxd7+ Kxd7 16. g4 Be4 17. f5 Nc6 18. fxe6+ fxe6 19. Nxc6 Kxc6 20. Rac1 Bc5
21. Bxc5 Kxc5 22. Rf7 Kb6 23. Rcf1 d4 24. Bf3 Bxf3 25. R1xf3 dxc3 26. bxc3 Rc5
27. Rxg7 Rxe5 28. Rff7 h5 29. Rxb7+ Kc6 30. g5 Rxg5+ 1/2-1/2

[Event "Offene Hessische Senioren Einzelmeisters"]
[Site "Bad Sooden- Allendorf"]
[Date "2013.04.27"]
[Round "8.58"]
[White "Bartels, Lothar"]
[Black "Pajcin, Dr. Jovan"]
[Result "1-0"]
[WhiteElo "1568"]
[BlackElo "1722"]
[PlyCount "35"]
[EventDate "2013.??.??"]
[WhiteTeam "SG Lasker Steglitz-Wilmersdorf"]
[BlackTeam "Philidor Leiden"]

1. Nf3 Nc6 2. d4 b6 3. g3 Bb7 4. Bg2 d5 5. b3 Qd6 6. Bb2 O-O-O 7. O-O f5 8.
Nbd2 Nf6 9. c4 e6 10. a4 Rg8 11. Ba3 Nb4 12. a5 bxa5 13. c5 Qe7 14. Bxb4 axb4
15. Rxa7 Nd7 16. Qa1 g5 17. c6 Bxc6 18. Qa6+ 1-0

[Event "Offene Hessische Senioren Einzelmeisters"]
[Site "Bad Sooden- Allendorf"]
[Date "2013.04.27"]
[Round "8.59"]
[White "Piastowski, Kurt"]
[Black "Bill, Eugen"]
[Result "1/2-1/2"]
[WhiteElo "1709"]
[BlackElo "1496"]
[PlyCount "55"]
[EventDate "2013.??.??"]
[WhiteTeam "SC Turm Lüneburg e.V."]
[BlackTeam "SV Lahn Limburg"]

1. d4 Nf6 2. Nf3 d5 3. Bf4 c6 4. c3 Nbd7 5. Nbd2 e6 6. e3 Be7 7. Bd3 O-O 8. Qc2
Re8 9. O-O Nf8 10. e4 Nh5 11. Be3 dxe4 12. Nxe4 Nf6 13. Rad1 Qc7 14. Nxf6+ Bxf6
15. Rfe1 b6 16. Ng5 g6 17. Ne4 Bg7 18. Bg5 Nd7 19. Qd2 f5 20. Ng3 Nf6 21. Bf4
Qf7 22. Be5 Bb7 23. Re2 c5 24. Rde1 cxd4 25. Bxd4 Rad8 26. Qc2 Bh6 27. Bb5 Re7
28. Be5 1/2-1/2

[Event "Offene Hessische Senioren Einzelmeisters"]
[Site "Bad Sooden- Allendorf"]
[Date "2013.04.27"]
[Round "8.60"]
[White "Johannsen, Ingbert"]
[Black "Berger, Volkmar"]
[Result "0-1"]
[WhiteElo "1708"]
[BlackElo "1547"]
[PlyCount "76"]
[EventDate "2013.??.??"]
[WhiteTeam "SG Witten"]
[BlackTeam "BSV-KW Jänschwalde 94 e.V."]

1. e4 d6 2. f4 Nc6 3. d3 e5 4. Nf3 Bg4 5. Be2 g6 6. O-O Bg7 7. c3 Qd7 8. fxe5
dxe5 9. Bg5 f6 10. Be3 b6 11. a4 Nge7 12. Nbd2 O-O 13. b4 Kh8 14. a5 Ng8 15. a6
Rad8 16. Nb3 f5 17. Qc2 f4 18. Bf2 Bxf3 19. gxf3 g5 20. Rfd1 Nh6 21. b5 Ne7 22.
d4 Qh3 23. Rd3 Rd6 24. Bf1 Qd7 25. dxe5 Bxe5 26. Rad1 Rg8 27. Rxd6 cxd6 28. h3
g4 29. Bd4 gxf3+ 30. Kf2 Qe6 31. Kxf3 Rg3+ 32. Kf2 Nf7 33. Ke1 d5 34. Qf2 dxe4
35. Qxf4 Qxb3 36. Bxe5+ Nxe5 37. Qxg3 Nf3+ 38. Ke2 Qc2+ 0-1

[Event "Offene Hessische Senioren Einzelmeisters"]
[Site "Bad Sooden- Allendorf"]
[Date "2013.04.27"]
[Round "8.61"]
[White "Völler, Lothar"]
[Black "Ophoff, Rigobert"]
[Result "0-1"]
[WhiteElo "1524"]
[BlackElo "1706"]
[PlyCount "88"]
[EventDate "2013.??.??"]
[WhiteTeam "Dortmund"]
[BlackTeam "Rhedaer SV von 1931 e."]

1. e4 c5 2. Nf3 d6 3. g3 Nc6 4. Bg2 g6 5. O-O Bg7 6. d3 e6 7. Nbd2 Nge7 8. Re1
O-O 9. Nf1 b6 10. h4 Bb7 11. N1h2 Qc7 12. Ng4 Rae8 13. Bh6 f5 14. Bxg7 Kxg7 15.
Ng5 Nd8 16. exf5 exf5 17. Ne3 h6 18. Nh3 Ne6 19. Bxb7 Qxb7 20. Ng2 Nd4 21. Re3
Nd5 22. Rxe8 Rxe8 23. c3 Nc6 24. h5 g5 25. Qd2 Qf7 26. c4 Nd4 27. Nxg5 hxg5 28.
Qxg5+ Kh7 29. Nh4 Nf6 30. Qg6+ Qxg6 31. hxg6+ Kg7 32. a3 Nd7 33. b4 Nf8 34.
bxc5 dxc5 35. a4 Nxg6 36. Nxg6 Kxg6 37. a5 Nb3 38. Rd1 Nxa5 39. d4 Rd8 40. Re1
cxd4 41. Re7 d3 42. Rxa7 d2 43. c5 d1=Q+ 44. Kg2 Qd5+ 0-1

[Event "Offene Hessische Senioren Einzelmeisters"]
[Site "Bad Sooden- Allendorf"]
[Date "2013.04.27"]
[Round "8.62"]
[White "Graffenberger, Marianne"]
[Black "Geisler, Reinhard"]
[Result "0-1"]
[WhiteElo "1229"]
[BlackElo "1697"]
[PlyCount "64"]
[EventDate "2013.??.??"]
[WhiteTeam "Hamburger SK von 1830 eV"]
[BlackTeam "SK Werther 1949 e.V."]

1. e4 c5 2. Nc3 Nc6 3. Nf3 g6 4. d4 cxd4 5. Nxd4 Bg7 6. Be3 Nf6 7. Be2 O-O 8.
O-O d5 9. Bf3 dxe4 10. Nxe4 Nd5 11. Nxc6 bxc6 12. c3 Nxe3 13. fxe3 Qb6 14. Qe2
Rb8 15. Rab1 Rd8 16. Kh1 h6 17. Rfd1 Bf5 18. Rxd8+ Rxd8 19. Qe1 Rd3 20. Qf2
Rxe3 21. h3 Bxe4 22. Bxe4 Rxe4 23. Qxb6 axb6 24. Rd1 Re2 25. Rb1 Be5 26. a4 Kf8
27. Kg1 Ke8 28. Kf1 Rc2 29. b4 Rxc3 30. a5 bxa5 31. bxa5 Ra3 32. Rc1 Kd7 0-1

[Event "Offene Hessische Senioren Einzelmeisters"]
[Site "Bad Sooden- Allendorf"]
[Date "2013.04.27"]
[Round "8.63"]
[White "Narr, Irmgard"]
[Black "Mayeres, Hans-Christian"]
[Result "0-1"]
[WhiteElo "1529"]
[BlackElo "1690"]
[PlyCount "130"]
[EventDate "2013.??.??"]
[WhiteTeam "SC Mühlhof-Reichelsdorf e.V."]
[BlackTeam "SK Recklinghausen Altsta"]

1. e4 g6 2. Nc3 Bg7 3. d4 d6 4. Be3 Nf6 5. Bd3 O-O 6. Nf3 Nc6 7. O-O Ng4 8. Qd2
Nxe3 9. Qxe3 Bg4 10. d5 Ne5 11. Nxe5 Bxe5 12. Bc4 c5 13. h3 Bd7 14. Rab1 a6 15.
Rfe1 b5 16. Bf1 b4 17. Ne2 Bb5 18. Ng3 Qb6 19. Bxb5 axb5 20. Qb3 c4 21. Qxb4
Bxg3 22. Re3 Be5 23. a3 Ra4 24. Qe1 b4 25. axb4 Rxb4 26. b3 Rb8 27. Qd1 Qa7 28.
g4 cxb3 29. cxb3 Qd4 30. Qc2 Ra8 31. Kg2 Rb7 32. Qe2 Rba7 33. b4 Ra2 34. Qe1
Rb2 35. b5 Rb8 36. Rb3 Rxb3 37. Rxb3 Qc5 38. Qb1 Bd4 39. f3 Qc4 40. b6 Qe2+ 41.
Kh1 Be5 42. Qg1 Qc2 43. Rb5 Qe2 44. Rb3 Qc2 45. Rb1 Qd3 46. Kg2 Qe2+ 47. Qf2
Qxf2+ 48. Kxf2 Bd4+ 49. Ke2 Rxb6 50. Rc1 Rb7 51. Kd3 Be5 52. Rc8+ Kg7 53. Rc6
g5 54. Kc4 Ra7 55. Rb6 Kg6 56. Rb8 Ra3 57. Rb3 Rxb3 58. Kxb3 Bd4 59. Kc4 Kf6
60. Kd3 Ke5 61. Kd2 Kf4 62. Ke2 Kg3 63. h4 Kxh4 64. Kf1 Kg3 65. Ke2 f6 0-1

[Event "Offene Hessische Senioren Einzelmeisters"]
[Site "Bad Sooden- Allendorf"]
[Date "2013.04.27"]
[Round "8.64"]
[White "Tomas, Johann"]
[Black "Montsma, Foppe-Jan"]
[Result "1-0"]
[WhiteElo "1590"]
[BlackElo "1906"]
[PlyCount "77"]
[EventDate "2013.??.??"]
[WhiteTeam "SK Bad Sooden-Allendorf"]

1. d4 d6 2. e4 Nf6 3. Bd3 e5 4. d5 c6 5. c4 Be7 6. Ne2 O-O 7. O-O Nbd7 8. f4
exf4 9. Bxf4 Nh5 10. Nbc3 Nxf4 11. Nxf4 Ne5 12. Be2 Qb6+ 13. Kh1 Qxb2 14. Na4
Qb4 15. a3 Qa5 16. h3 Bd7 17. Nb2 c5 18. a4 g6 19. Nfd3 f6 20. Qc2 Qd8 21. Qd2
g5 22. Bh5 Ng6 23. Nd1 f5 24. Bxg6 hxg6 25. e5 dxe5 26. Nxe5 Bf6 27. Nxd7 Qxd7
28. Ra3 Rae8 29. a5 Re4 30. Qc1 Rfe8 31. Nf2 Re2 32. Rb3 R8e7 33. Qb1 Be5 34.
Qc1 Bf4 35. Qb1 Bb8 36. Ng4 Qc7 37. g3 fxg4 38. Qxg6+ Rg7 39. Qh6 1-0

[Event "Offene Hessische Senioren Einzelmeisters"]
[Site "Bad Sooden- Allendorf"]
[Date "2013.04.27"]
[Round "8.65"]
[White "Schiller, Hans"]
[Black "Plischke, Berthold"]
[Result "0-1"]
[WhiteElo "1586"]
[BlackElo "1828"]
[PlyCount "106"]
[EventDate "2013.??.??"]
[WhiteTeam "SF Bad Lausick"]
[BlackTeam "SV Wesel 1928 e.V."]

1. d4 f5 2. c4 Nf6 3. Nc3 e6 4. g3 Be7 5. Bg2 O-O 6. e4 fxe4 7. Nxe4 Nxe4 8.
Bxe4 d5 9. cxd5 exd5 10. Bg2 Bb4+ 11. Bd2 Re8+ 12. Ne2 Bf8 13. O-O Bg4 14. Be3
c6 15. Qc2 Nd7 16. h3 Bh5 17. Nf4 Bf7 18. a3 Nf6 19. Nd3 Bg6 20. Qb3 Ne4 21.
Ne5 Qe7 22. Nxg6 hxg6 23. Bf4 g5 24. Bxe4 gxf4 25. Bg6 Red8 26. Qf3 Qg5 27. Qh5
Qxh5 28. Bxh5 Bd6 29. Kg2 Rf8 30. Rae1 Rf6 31. Bg4 Raf8 32. Bf3 fxg3 33. fxg3
Rg6 34. g4 Rf4 35. Rd1 Re6 36. Rd3 Bc7 37. a4 Bb6 38. Rfd1 Kh7 39. Kg3 Bc7 40.
Kg2 g5 41. Rb3 Bb6 42. Rbd3 Kg7 43. b3 a5 44. Kf2 Kf7 45. Kg2 Ke7 46. Kg3 Kd7
47. Kg2 Ba7 48. Kg3 Re8 49. Kg2 b5 50. axb5 cxb5 51. Bxd5 Re2+ 52. Kg3 Rff2 53.
Bf3 Bb8# 0-1